| 000 | 00745nam a22002537a 4500 | ||
|---|---|---|---|
| 001 | BR7301294 | ||
| 003 | BR-BrBNA | ||
| 005 | 20230928095850.0 | ||
| 007 | ta | ||
| 008 | 230509b bl.||||| |||| 00| 0 por d | ||
| 040 |
_aBR-BrBNA _bpor _cBiblioteca Nacional de Agricultura |
||
| 041 | _a(Por) | ||
| 072 | _aE10 | ||
| 090 | _ E10 BR7301294 | ||
| 110 | 1 |
_aFederacao da Agricultura do Estado do Rio Grande do Sul, Porto Alegre (Brasil) _94578 |
|
| 245 | 1 |
_aConcentracao rural de Santa Maria _bDiscurso pelo presidente da FARSUL |
|
| 260 | 3 |
_aPorto Alegre, RS (Brasil): _c1962. |
|
| 300 | _a19 p. | ||
| 650 | _aEconomia | ||
| 650 | _aReforma Agraria | ||
| 650 | _aRio Grande do Sul | ||
| 909 |
_a202309 _bLucia _c55 _dLucia Elande |
||
| 942 | _cBK | ||
| 999 |
_c59115 _d59115 |
||